| 000 | 01982nam a2200421 i 4500 | ||
|---|---|---|---|
| 001 | ebr10834563 | ||
| 003 | CaPaEBR | ||
| 006 | m o d | ||
| 007 | cr cn||||||||| | ||
| 008 | 040303t20042004paua ob 001 0 eng|d | ||
| 020 | _z0781746132 | ||
| 020 | _z9780781746137 | ||
| 040 |
_aCaPaEBR _beng _erda _epn _cCaPaEBR |
||
| 035 | _a(OCoLC)421114774 | ||
| 050 | 1 | 4 |
_aRD768 _b.S67232 2004eb |
| 082 | 0 | 4 |
_a617.5/6059 _222 |
| 245 | 0 | 0 |
_aSpine / _cbook editors, Christopher M. Bono, Steven R. Garfin. |
| 264 | 1 |
_aPhiladelphia : _bLippincott Williams & Wilkins, _c[2004] |
|
| 264 | 4 | _c�2004 | |
| 300 |
_a1 online resource (363 pages) : _billustrations (some color). |
||
| 336 |
_atext _2rdacontent |
||
| 337 |
_acomputer _2rdamedia |
||
| 338 |
_aonline resource _2rdacarrier |
||
| 440 | 0 | _aOrthopaedic surgery essentials | |
| 504 | _aIncludes bibliographical references and index. | ||
| 505 | 0 | _asection I. Examination and diagnostics -- section II. Trauma -- section III. Infection -- section IV. Tumors -- section V. Degenerative disorders -- section VI. Spinal treatment -- section VII. Metabolic and inflammatory disorders -- section VIII. Surgery -- section IX. General knowledge. | |
| 588 | _aDescription based on print version record. | ||
| 590 | _aElectronic reproduction. Palo Alto, Calif. : ebrary, 2014. Available via World Wide Web. Access may be limited to ebrary affiliated libraries. | ||
| 650 | 0 |
_aSpine _xSurgery. |
|
| 650 | 0 |
_aSpine _xDiseases _xTreatment. |
|
| 650 | 0 | _aOrthopedics. | |
| 655 | 0 | _aElectronic books. | |
| 700 | 1 | _aBono, Christopher M. | |
| 700 | 1 | _aGarfin, Steven R. | |
| 776 | 0 | 8 |
_iPrint version: _tSpine. _dPhiladelphia : Lippincott Williams & Wilkins, [2004] _hxiii, 343 pages ; 29 cm. _kOrthopaedic surgery essentials _z9780781746137 _w(DNLM)101209131 _w(DLC)10834563 |
| 797 | 2 | _aebrary. | |
| 856 | 4 | 0 |
_uhttp://site.ebrary.com/lib/rucke/Doc?id=10834563 _zAn electronic book accessible through the World Wide Web; click to view |
| 999 |
_c89425 _d89425 |
||